000 00758nam a2200217Ia 4500
999 _c36260
_d36260
001 2165
003 GE_BSU
005 20190514184716.0
008 181216s1978||||ge |||||||||||||| ||geo||
040 _cGE_BSU
041 _ageo
080 _a616–053.2 შ–74
100 _aსპოკი, ბენჯამინ
_91140
245 _aბავშვი და მისი მოვლა /
_cმთარგმ. ლ. ჩხეიძე
264 _aთბილისი :
_bგანათლება,
_c1978.
300 _a507 გვ.;
_b21 სმ.
653 _aპედიატრია
653 _aბავშვის მოვლა
700 _aჩხეიძე, ლ.
_eმთარგმნელი
_91141
942 _cBK
_2udc